Mechanical vibrations; (Record no. 594461)

000 -LEADER
fixed length control field 00359nam a22001337a 4500
020 ## - INTERNATIONAL STANDARD BOOK NUMBER
International Standard Book Number 9788131732489
040 ## - CATALOGING SOURCE
Transcribing agency NUST
082 ## - DEWEY DECIMAL CLASSIFICATION NUMBER
Classification number 620.3 BHA
100 ## - MAIN ENTRY--PERSONAL NAME
Personal name Bhave, Shrikant
9 (RLIN) 68224
245 ## - TITLE STATEMENT
Title Mechanical vibrations;
Remainder of title Theory and Practices
260 ## - PUBLICATION, DISTRIBUTION, ETC.
Place of publication, distribution, etc. New Delhi:
Name of publisher, distributor, etc. Dorling Kindersley,
Date of publication, distribution, etc. 2010.
650 ## - SUBJECT ADDED ENTRY--TOPICAL TERM
Topical term or geographic name entry element Mechanical vibrations
9 (RLIN) 57592
942 ## - ADDED ENTRY ELEMENTS (KOHA)
Source of classification or shelving scheme
Koha item type Thesis
Holdings
Withdrawn status Lost status Source of classification or shelving scheme Damaged status Not for loan Permanent Location Current Location Shelving location Date acquired Total Checkouts Full call number Barcode Date last seen Price effective from Koha item type
          College of Electrical & Mechanical Engineering (CEME) College of Electrical & Mechanical Engineering (CEME) General Stacks 04/12/2023   620.3 BHA CEME-47009-A 04/12/2023 04/12/2023 Thesis
© 2023 Central Library, National University of Sciences and Technology. All Rights Reserved.